In-silico desgin, synthesis and biological evaluation of medicinally significant novel dihydrofolate reductase (DHFR) inhibitors (Record no. 358171)
[ view plain ]
| 000 -LEADER | |
|---|---|
| fixed length control field | 00586nam a2200193 4500 |
| 005 - DATE & TIME | |
| control field | 20241127111030.0 |
| 008 - FIXED-LENGTH DATA ELEMENTS--GENERAL INFORMATION | |
| fixed length control field | 241104b |||||||| |||| 00| 0 eng d |
| 020 ## - ISBN | |
| International Standard Book Number | X |
| Price | [n.p.] |
| 040 ## - CATALOGING SOURCE | |
| Original cataloging agency | VIVEKANANDA LIBRARY |
| 082 ## - DDC NUMBER | |
| Classification number | 615.19 |
| Book Number | R298I |
| 100 ## - MAIN ENTRY--PERSONAL NAME | |
| Personal name | Renu |
| 245 ## - TITLE STATEMENT | |
| Title | In-silico desgin, synthesis and biological evaluation of medicinally significant novel dihydrofolate reductase (DHFR) inhibitors |
| 260 ## - PUBLICATION, DISTRIBUTION, ETC. (IMPRINT) | |
| Name of publisher, distributor, etc | Dept. of Pharmaceutical, M D University, Rohtak |
| Date of publication, distribution, etc | 2024 |
| 300 ## - PHYSICAL DESCRIPTION | |
| Pages | xiv, 283 |
| 650 ## - Subject | |
| Subject | Pharmaceutical Sciences |
| 700 ## - Added Entry Personal Name | |
| Added Entry Personal Name | Khatkar, Anurag |
| 942 ## - ADDED ENTRY ELEMENTS (KOHA) | |
| Koha item type | Thesis |
| Withdrawn status | Lost status | Source of classification or shelving scheme | Damaged status | Not for loan | Location (home branch) | Sublocation or collection (holding branch) | Shelving location | Date acquired | Koha issues (times borrowed) | Koha full call number | Accession No. | Koha date last seen | Copy number | Koha item type |
|---|---|---|---|---|---|---|---|---|---|---|---|---|---|---|
| Dewey Decimal Classification | VIVEKANANDA LIBRARY | VIVEKANANDA LIBRARY | Vivekananda Library | 04/11/2024 | 615.19 R298I | 411011 | 04/11/2024 | R | Thesis |
